| 000 | 00505nam a2200181Ia 4500 | ||
|---|---|---|---|
| 999 |
_c1883 _d1883 |
||
| 003 | OSt | ||
| 005 | 20200925145945.0 | ||
| 008 | 190216s9999||||xx |||||||||||||| ||und|| | ||
| 020 | _a9788173811449 | ||
| 040 | _coclc | ||
| 082 |
_a572.81 _bDEB/F |
||
| 100 |
_aDeb, A C _95032 |
||
| 245 | 0 |
_aFundamentals Of Biochemistry / _cA C Deb |
|
| 260 |
_bNew Central Book Agencies, _c2014. _aLondon: |
||
| 300 | _a997p | ||
| 650 | _aBotany | ||
| 942 |
_cBK _2ddc _h572.81 _iDEB/F _k572.81 _mDEB/F |
||